1820 1289 1292 1388 1533 1145 1288 1777 1118 1409 1946 1550 1241 1617 1842 1324 1448 1722 1176 1782 1027 1182 1717 1203 1454 1078 1701 1469 1275 1184 1185 1778 1120 1373 1609 1006 1082 1952 1148 1636 1767 1000 1342 1410 1555 1735 1102 1374 1012 1520 1904 1256 1717 1786 1362 1467 1136 1597 1938 1096 1601 1233 1344 1926 1355 1977 1974 1244 1441 1555 1452 1933 1490 1066 1536 1920 1994 1841 1760 1693 1212 1373 1903 1876 1647 1146 1452 1686 1608 1369 1915 1282 1442 1245 1890 1316 1608 1287 1306 BCNSPRNW ULIB Ver.6.0+V

เปลี่ยนเป็นภาษาไทย

Change to English
 แสดงรายละเอียดบรรณานุกรม
  กลับหน้าหลัก

Brief Record : Get Marc (ISO 2709) : E-mail record : QR code < ปิดหน้าต่าง
LEADER : 00000nam 2200000uu 4500
001    13399112295
003     ULIB
008    110627s2552||||th 000 0 tha d
020    9786110600088
090    นว.^bอ534ล 2552
100 0  อัณณรัก
245 00 ลิขิตลับ ชะตารัก/^cอัณณรัก
250    พิมพ์ครั้งที่ 2
260    กรุงเทพฯ :^bแจ่มใส,^c2552
300    171 หน้า
710 1  แจ่มใส
945    ^p189^l0^i027763
995    ทศพร
999 ^a ใช้งานได้ทุกระบบ
รายการนี้ยังไม่มีแท็ก
คุณยังไม่ได้ล็อกอิน คุณสามารถมีกิจกรรมร่วมกับเว็บไซต์ได้ แต่ต้องล็อกอินก่อน ::
  ล็อกอิน

รายการสื่อสารสนเทศ

ลำดับที่ ประเภท เลขเรียก/บาร์โค้ด สถานที่ สถานะ
- ไม่พบข้อมูล -

BibComment


ยังไม่เคยถูกคอมเมนท์

คอมเมนท์ทรัพยากรรายการนี้
  คอมเมนท์: ลิขิตลับ ชะตารัก ..


 Copyright 2026. Bcnsprnw @Library